[Event "Pan American-ch"]
[Site "Cartagena"]
[Date "2012.07.07"]
[Round "7"]
[White "Mora, Alfonso"]
[Black "Contreras R, Wilson Mauricio"]
[Result "0-1"]
[WhiteElo "1640"]
[BlackElo "1839"]
[PlyCount "42"]
[EventDate "2012.07.04"]
[EventType "swiss"]
[EventRounds "9"]
[EventCountry "COL"]
[SourceTitle "CBM 149 Extra"]
[Source "ChessBase"]
[SourceDate "2012.08.24"]
[SourceVersion "1"]
[SourceVersionDate "2012.08.24"]
[SourceQuality "1"]

1. c4 Nf6 2. d4 e6 3. Nc3 d5 4. Bg5 Bb4 5. Qa4+ Nc6 6. cxd5 exd5 7. e3 0-0 8. Bb5 Qd6 9. Bxf6 Qxf6 10. Nge2 Bd6 11. Nxd5 Qg5 12. Bxc6 bxc6 13. Qxc6 Rb8 14. Ndf4 Rxb2 15. Qd5 Qxd5 16. Nxd5 Bb7 17. e4 Bxd5 18. exd5 Re8 19. 0-0 Rexe2 20. a4 Bf4 21. Rac1 Bxc1 0-1

[Event "Pan American-ch"]
[Site "Cartagena"]
[Date "2012.07.06"]
[Round "5"]
[White "Andor, Jorge"]
[Black "Mora, Alfonso"]
[Result "1-0"]
[WhiteElo "1869"]
[BlackElo "1640"]
[PlyCount "77"]
[EventDate "2012.07.04"]
[EventType "swiss"]
[EventRounds "9"]
[EventCountry "COL"]
[SourceTitle "CBM 149 Extra"]
[Source "ChessBase"]
[SourceDate "2012.08.24"]
[SourceVersion "1"]
[SourceVersionDate "2012.08.24"]
[SourceQuality "1"]

1. e4 e6 2. d4 d5 3. Nc3 Bb4 4. e5 c5 5. a3 cxd4 6. Qxd4 Nc6 7. Bb5 Bxc3+ 8. Qxc3 Bd7 9. Bxc6 Bxc6 10. Nf3 Rc8 11. Qd2 Ne7 12. Nd4 0-0 13. 0-0 Ng6 14. f4 Qb6 15. Kh1 Nh4 16. c3 Rfd8 17. g4 Ng6 18. Qf2 Bb5 19. Rg1 Bd3 20. h4 Be4+ 21. Kh2 Qc7 22. h5 Ne7 23. Be3 a6 24. Ne2 h6 25. Bb6 Qc4 26. Bxd8 Rxd8 27. Ng3 Bd3 28. Rad1 d4 29. Rd2 dxc3 30. bxc3 Nd5 31. Qd4 Qxd4 32. cxd4 Nxf4 33. Rgd1 Bc4 34. Ne4 b5 35. Nd6 Nd5 36. Rc2 Rd7 37. Rdc1 Rc7 38. Kg3 Kf8 39. a4 1-0